Электрические свойства монокристаллов фторидов щелочноземельных металлов и изменение их под действием гамма -облучения: Диссертация на соискание ученой степени кандидата технических наук

Detaylı Bibliyografya
Yazar: Чернышев В. А.
Müşterek Yazar: Томский политехнический институт (ТПИ)
Diğer Yazarlar: Завадовская Е. К. Екатерина Константиновна
Dil:Rusça
Baskı/Yayın Bilgisi: Томск, [Б. и.], 1967
Konular:
Materyal Türü: MixedMaterials Kitap
KOHA link:https://koha.lib.tpu.ru/cgi-bin/koha/opac-detail.pl?biblionumber=142874

MARC

LEADER 00000nbm0a2200000 4500
001 142874
005 20231031142909.0
035 |a (RuTPU)RU\TPU\book\154835 
090 |a 142874 
100 |a 20080912d1967 k y0rusy50 ca 
101 0 |a rus 
102 |a RU 
105 |a a m 001zy 
200 1 |a Электрические свойства монокристаллов фторидов щелочноземельных металлов и изменение их под действием гамма -облучения  |e Диссертация на соискание ученой степени кандидата технических наук  |f В. А. Чернышев  |g Томский политехнический институт (ТПИ) ; Е. К. Завадовская 
210 |a Томск  |c [Б. и.]  |d 1967 
215 |a 153 л.  |c ил. 
320 |a Библиогр.: с. 144 - 150 ( 142 назв.) 
610 1 |a щелочно-земельные металлы 
610 1 |a монокристаллы 
610 1 |a фториды 
610 1 |a электрические свойства 
610 1 |a гамма-облучение 
610 1 |a дефекты 
610 1 |a проводимость 
610 1 |a ионизирующее излучение 
610 1 |a диэлектрическое поглощение 
610 1 |a кристаллические решетки 
610 1 |a реакторы 
610 1 |a диэлектрические потери 
610 1 |a экспериментальное исследование 
610 1 |a диссертации 
675 |a 621.315.59(04)  |v 3 
675 |a 539.29(04)  |v 3 
700 1 |a Чернышев  |b В. А. 
702 1 |a Завадовская  |b Е. К.  |c российский физик  |c профессор кафедры физики твердого тела ТПИ  |f 1913-2004  |g Екатерина Константиновна  |2 stltpush  |3 (RuTPU)RU\TPU\pers\19787 
712 0 2 |a Томский политехнический институт (ТПИ)  |c (1944-1991)  |2 stltpush  |3 (RuTPU)RU\TPU\col\1123 
801 1 |a RU  |b 63413507  |c 20080912  |g PSBO 
801 2 |a RU  |b 63413507  |c 20160421  |g RCR 
942 |c BK